000 00710nam a2200289Ia 4500
005 20260324125225.0
008 008 260324s9999 xx 000 0 eng d
020 _a9780203438039
037 _aEBOOK
040 _aCRL
040 _beng
040 _cCRL
041 _2eng
041 _aeng
084 _qCRL
100 _aLizzie Smart; Heather Luxford
_91177166
245 0 _aLearning through Talk
245 0 _bDeveloping Learning Dialogues in the Primary Classroom
260 _bTaylor and Francis
260 _c2009
365 _a
365 _b300
856 _uhttp://www.taylorfrancis.com/books/9780203438039
942 _cEBOOK
999 _c1772222
_d1772222